000 01238nam a2200361 a 4500
001 22248
003 VRT
005 20260323151246.0
008 251031s2004 xo g 0000f slo
015 _aSNBA2006/02-00883
020 _a8088993482
_q(viaz.)
035 _aVTK41707
039 9 _a202510310909
_bVLOAD
_c202403181759
_dVLOAD
_c201712011433
_dVLOAD
_c200605241355
_dmsnk45
040 _aVTHK
_bslo
_cVTHK
_dSNK
041 1 _aslo
_heng
044 _axo
_cSK
072 7 _a821.111(73)-3
_xAmerická próza
_2konspekt
080 _a(0:82-312.5)
_2MDT-MRF
080 _a821.111(73)-31
_2MDT-MRF
100 1 _aLowell, Elizabeth,
_d1944-
_4aut
240 1 0 _aLover in the rough
_lSlovensky
245 1 0 _aDrsný milenec
_cElizabeth Lowell ; [z amerického originálu preložila Marta Kastlová]
250 _a1. vyd.
260 _aBratislava
_bRemedium
_c2004
300 _a256 s.
_c21 cm
655 7 _aamerické romány
_2SNKPH
655 7 _aľúbostné romány
_2SNKPH
700 1 _aKastlová, Marta
_4trl
942 _2ddc
_cKLDO
_n0
949 _617A0484028
_asnkSC 120777 D1
_bsnk2005/15468
_o1352/05
949 _617A0479779
_asnkSC 120777
_bsnk2005/12718
_o1352/05
999 _c22248
_d22248